000 00206 a2200109 4500
020 _a8944513383866
041 _aspa
100 _aSicoben
245 _aYo Debo Decir La Verdad
942 _cBK
952 _74
999 _c25730
_d25730